The art of public speaking / Stephen E. Lucas. (Record no. 1045)

000 -LEADER
fixed length control field 00478nam a22001577a 4500
020 ## - INTERNATIONAL STANDARD BOOK NUMBER
ISBN 0071214852
082 ## - DEWEY DECIMAL CLASSIFICATION NUMBER
Classification number 808.51
Item number L9339 2004
100 ## - MAIN ENTRY--AUTHOR NAME
Personal name Lucas, Stephen E., author.
245 ## - TITLE STATEMENT
Title The art of public speaking / Stephen E. Lucas.
250 ## - EDITION STATEMENT
Edition statement Eighth edition.
260 ## - PUBLICATION, DISTRIBUTION, ETC. (IMPRINT)
Place of publication Boston :
Name of publisher McGraw-Hill,
Year of publication c2004.
300 ## - PHYSICAL DESCRIPTION
Number of Pages xxxii, 461 pages :
Other physical details illustrations ; 26 cm.
500 ## - GENERAL NOTE
General note Includes bibliographical references and index.
650 ## - SUBJECT ADDED ENTRY--TOPICAL TERM
Topical Term Public speaking.
942 ## - ADDED ENTRY ELEMENTS (KOHA)
Koha item type Books

No copies available.

Cagayan State University University Library, Carig Campus
Tuguegarao City, Cagayan 3500 | www.csucarig.edu.ph

Powered by Koha